MDQL
is popping MORE tags! Check the
thread
!
Quizzes
Events
Quiz Creation
Community
Videos
Private Events
Remove Ads
Sign In
Join for FREE
Feedback
Dark Mode
Quiz Categories
Sports
Geography
Music
Movies
Television
Just For Fun
Miscellaneous
History
Literature
Language
Science
Gaming
Entertainment
Religion
Holiday
For Kids
Quiz Lab
Recent
Popular Today
Quiz Kudos Today
Editor Picks
Curator Picks
Quizzes by...
Day
Popularity
Type
Ratings
Length
Year
Community
Subscriptions
Recent Discussions
Orange Saloon
Badges
Playlists
Quests
Create
Leaderboards
Showdown
Live 5
Trivia Bingo
Activity
Puzzle Library
Sporcle Events
Private Events
Virtual Trivia
Globe League
Become a Host
Pub Owners
SporcleCon
Opinionation
Our Games
Videos
Blog
Mobile Apps
Partnerships
Remove Ads and Go Orange
Feedback
Just For Fun
Clickable
Get the Picture
Humor
Quick Pick
Word Ladder
Missing Word
Mixed Word
Blitz
Minefield
This or That
Alphabet
Color
Typing
Sporcle
Puzzle
Word Play
Follow That Line
Logic
Just For Fun
Clickable
Get the Picture
Humor
Quick Pick
Word Ladder
Missing Word
Mixed Word
Blitz
Minefield
This or That
Alphabet
Color
Typing
Sporcle
Puzzle
Word Play
Follow That Line
Logic
Random Quiz
Search Sporcle
×
Quiz Lab
Quiz Lab
Just For Fun
present
Type in answers that appear in a list
Type in answers that appear in a list
Classic
Best Score? Go Orange.
IEverything Quiz Stats
Can you name the Apple products; past and present?
By
youvebinaced
10m
85 Questions
187 Plays
187 Plays
187 Plays
Comments
Comments
Give Quiz Kudos
Give Quiz Kudos
-
- Ratings
hide this ad
More Info
Replay
Link that replays current quiz
Next Quiz
Link to next quiz in quiz playlist
You Got
0%
They Got
Avg Score
31%
Avg Friend Score
Upgrade to see
Score Distribution
Jump to the score distribution portion of the page
Score
0/85
Timer
10:00
0
Plays Today
Type
Product
% Correct
Music Device
iPod
90.4%
Phone
iPhone
89.3%
Music Device
iPod Nano
85.6%
Music Device
iPod Touch
81.3%
Tablet
iPad
80.2%
Computer
20 Year Anniversary Mac
78.6%
Computer
iMac
76.5%
Laptop
Macbook
75.9%
Music Device
iPod Shuffle
74.9%
Computer
iMac G5
73.3%
Computer
iMac DV
71.7%
Laptop
Macbook Pro
66.3%
Music Device
iPod Classic
64.7%
Phone
iPhone 3G
61%
Music Device
iPod Mini
59.9%
Computer
Apple IIgs
54%
Phone
iPhone 3GS
51.9%
Computer
Macintosh Classic
41.2%
Laptop
iBook
41.2%
Computer
Mac Pro
40.1%
Computer
Mac mini
39%
Mouse
Magic Mouse
38.5%
Computer
Apple I
38%
Computer
Macintosh SE
35.3%
Mouse
Mighty Mouse
34.8%
Mouse
Pro Mouse
34.2%
Computer
Macintosh
33.7%
Computer
Macintosh II
33.2%
Computer
Macintosh LC
33.2%
Type
Product
% Correct
Computer
Macintosh LC
32.6%
Computer
Macintosh Plus
32.1%
Computer
Macintosh IIci
32.1%
Computer
Macintosh IIfx
32.1%
Computer
Macintosh IIsi
32.1%
Computer
Macintosh Centris
32.1%
Computer
Macintosh LCII
32.1%
Computer
Power Macintosh
32.1%
Extra
Apple TV
28.9%
Music Device
iPod U2
27.3%
PDA
Newton Message Pad
27.3%
Computer
Apple ][
26.2%
Laptop
Powerbook
26.2%
Camera
iSight
26.2%
Computer
Lisa
25.7%
Music Device
iPod Photo
25.1%
Networking
Airport
24.1%
PDA
Newton
24.1%
Display
Cinema HD
22.5%
Computer
Apple ///
21.9%
Computer
eMac
21.4%
Display
LED Cinema
21.4%
Computer
Power Macintosh G5
20.3%
Display
Cinema
20.3%
Networking
Airport Express
18.7%
Networking
Airport Extreme
18.7%
External Hard drive
Time Capsule
18.7%
Extra
xServe G5
17.6%
Computer
Apple IIe
17.1%
Type
Product
% Correct
Laptop
iBook G4
17.1%
Laptop
Powerbook G4
16.6%
Computer
Power Macintosh 6100
14.4%
Computer
Apple //c
13.9%
Laptop
Powerbook G3
13.9%
Extra
xServe
13.4%
Sound System
iPod Hi-Fi
13.4%
Computer
Apple IIe Enhanced
12.3%
Computer
Macintosh TV
12.3%
Computer
Powermac G4
11.8%
Holders
iPod Socks
11.8%
Disk Drive
Superdrive
11.2%
Computer
Powermac G3
10.7%
Extra
Apple Keyboard
9.6%
Laptop
Macintosh Portable
8%
Mouse
Desktop Mouse II
7%
Music Device
iPod Harry Potter
6.4%
Computer
Power Macintosh Cube
6.4%
Computer
Quadra 700
4.8%
Computer
Quadra 900
4.8%
Computer
Quadra 800
4.8%
Laptop
eMate
4.8%
Display
Studio CRT
4.8%
Mouse
Hockey Puck
4.8%
Mouse
ADB
3.2%
Mouse
Apple DB-9
2.7%
Computer
Performa 6400
1.6%
Quiz Playlist
Details
Report
Send in Message
Add To Playlist
More Info:
Apple from 1976 to present.
Classic:
Type in answers that appear in a list
Quiz Source
Last Updated: Feb 16, 2017
Quiz Scoreboard
CHALLENGE
Sign Up to Join the Scoreboard
Show All
Scores
Hide
Comments
May contain spoilers
Recently Published
Two Season TV Shows II
by 123Four
Television
10m
Image Sorting: Flags VI
by Barbecue
Geography
2m
Find the 'City' Movie
by crazypaving
Movies
60s
More to Explore
Quiz From the Vault
Featured Blog Post
14 Easter Pick-up Lines to Find Eggs With
hide this ad
You Might Also Like...
Tags
apple
date
past
present
product
Released
Today's Top Quizzes in Just For Fun
Browse Just For Fun
hide this ad
Today's Top Quizzes in present
Browse present
Top Contributed Quizzes in Just For Fun
1
Name Just One - 10 to 1: Just For Fun
2
Missing Word: 2-Letter A-Z II
3
Avatar the Last Airbender: Logic Puzzle
4
Missing Letter Whitney Houston Songs
5
Missing Word: 'Of' Things A-Z
6
It's Magic / Witchcraft 🎩🪄🧙♀️
7
Eurovision 2024 Countries Logic Puzzle
8
Survivor Winners Logic Puzzle
9
Missing Word: 'Of' Things A-Z II
10
Killer Double Trees 224 - Colour Match-Up
Explore More
Trending Topics
Disney
NBA
Harry Potter
Anime
Marvel
Crossword
Kpop
Country
Pokémon
Soccer
Song
The Office
Puzzle
WWE
NFL
hide this ad
More By:
youvebinaced
Quiz
Plays
Rating
Category
Featured
Created
iEverything Quiz
187
4.00
Just For Fun
Jan 30, 2010
Apple Macintosh Products
152
3.00
Just For Fun
Feb 1, 2010
Go to Creator's Profile
Score Distribution
Quiz Creator Spotlight
youvebinaced
Follow
Send a Message
Quizzes Created
-
Created Quiz Play Count
-
More By This Creator
Popular Quizzes Today
1
Find the US States - No Outlines Minefield
2
Colored Red Africa Blitz
3
Find the 'City' Movie
4
5x2 Blitz: Bands
5
The Countries of the World
6
Find the Countries of Europe - No Outlines Minefield
7
Find the US States
8
US States
More Just For Fun Quizzes
Missing Word: Alliterative TV
Published
Trending Quizzes
Colored Red Europe Blitz I
Colored Red Africa Blitz II
Colored Red Europe Blitz II
Colored Red Africa Blitz III
Even More Two Season TV Shows
Recently Updated
March Madness Men's Triple Doubles
pecheneg
How Do You Spell That?
pecheneg
Godzilla Movies
pecheneg
Grab Bag: 4-10 Letters
pecheneg
2024 March Madness Bracket
pecheneg
Famous TV Couples
Peacemaker
Champions League XIs: Real Madrid
pecheneg
Largest US Cities 1790-2010
pecheneg
Rides in Walt Disney World
pecheneg
Most Oscar Losses (Acting)
pecheneg
Trending Topics
Anime
Marvel
NBA
Harry Potter
Kpop
Crossword
Disney
NFL
Soccer
WWE
Country
The Office
Puzzle
Song
Pokémon
Your Account Isn't Verified!
In order to create a playlist on Sporcle, you need to verify the email address you used during registration. Go to your
Sporcle Settings
to finish the process.
Report this User
Report this user for behavior that violates our
Community Guidelines
.
Details:
Send Report
Go to the Sporcle.com Mobile Site →
Comments